Introducción a la arqueología

Saved in:
Bibliographic Details
Main Author: Childe, Vere Gordon (Author)
Format: Book
Language:Spanish
Published: Barcelona Crítica 2003
Edition:1a. ed
Series:Biblioteca de Bolsillo, 90
Subjects:
Tags: Add Tag
No Tags, Be the first to tag this record!

MARC

LEADER 00000nam a2200000 a 4500
001 UCL7083
003 CL-VaPUC
008 040430e20030000SP |||||||||||||||||spa|d
020 |a 8484324125 
082 0 4 |a 930.1  |b CHI  |2 21 
100 0 |a Childe, Vere Gordon  |e author  |9 484844 
245 1 0 |a Introducción a la arqueología 
250 |a 1a. ed 
300 |a 180 p 
942 |c BK 
945 |d 20040430 00:00:00  |a cmena 
260 |a Barcelona  |b Crítica  |c 2003 
650 0 |a Arqueología   |9 265619 
650 0 |a Prehistoria  |9 316557 
583 |a last modification  |c 20040430 00:00:00  |k Rodrigo Vera 
490 0 |a Biblioteca de Bolsillo, 90 
999 |c 308944  |d 308942 
952 |0 0  |1 0  |4 0  |6 930_100000000000000_CHI_2003  |7 0  |8 A  |9 375947  |a BIBHIS  |b BIBHIS  |d 2019-11-21  |i 4010906  |o 930.1 CHI 2003  |p 4010906  |r 2023-01-25  |w 2019-11-21  |y BK  |k HIS